Powierzchnie oceanów - Statystyki

Ogólne statystyki
  • Ten quiz został rozwiązany 52 razy
  • Średni wynik to 4 z 5
Statystyki odpowiedzi
Ocean Odpowiedź % Poprawnych
Spokojny 163,7
100%
Atlantycki 89
90%
Arktyczny 14,7
71%
Południowy 20,3
71%
Indyjski 73,6
67%
Nie znaleziono quizów pasujących do podanych kryteriów
Rozkład punktacji
Procent ludzi z każdym wynikiem
Percentyl według liczby udzielonych odpowiedzi
Twoja historia wyników
Nie rozwiązałeś tego quizu